[Event "European School-ch 2019"]
[Site "Mamaia"]
[Date "2019.06.08"]
[Round "9.45"]
[White "Zhapova, Yana"]
[Black "Lyukina, Sofya"]
[Result "1/2-1/2"]
[WhiteElo "1804"]
[BlackElo "1252"]
[Annotator "NA"]
[PlyCount "41"]
[EventDate "2019.05.31"]
[EventType "swiss"]
[EventCountry "ROU"]
[SourceTitle "playchess.com"]
[Source "ChessBase"]
[SourceQuality "1"]

1. e4 e5 2. Nf3 Nc6 3. Bb5 a6 4. Bxc6 dxc6 5. O-O f6 6. d4 exd4 7. Nxd4 c5 8. Nb3 Qxd1 9. Rxd1 Bd7 10. Bf4 O-O-O 11. Nc3 Ne7 12. Nxc5 Ng6 13. Nxd7 Nxf4 14. Nxf8 Rhxf8 15. g3 Ne6 16. Kg2 Rxd1 17. Rxd1 Rd8 18. Nd5 c6 19. Ne7+ Kc7 20. Rxd8 Kxd8 21. Nf5 1/2-1/2

[Event "European School-ch 2019"]
[Site "Mamaia"]
[Date "2019.06.08"]
[Round "9.46"]
[White "Tsetskhladze, Mariam"]
[Black "Babic, Masa"]
[Result "1/2-1/2"]
[WhiteElo "1174"]
[BlackElo "1715"]
[Annotator "NA"]
[PlyCount "67"]
[EventDate "2019.05.31"]
[EventType "swiss"]
[EventCountry "ROU"]
[SourceTitle "playchess.com"]
[Source "ChessBase"]
[SourceQuality "1"]

1. e4 c6 2. g3 d5 3. Bg2 dxe4 4. Bxe4 Nf6 5. Bg2 Bg4 6. Nf3 e6 7. d4 Bd6 8. c3 O-O 9. O-O Nbd7 10. Nbd2 Rc8 11. Nc4 Bc7 12. Qb3 Rb8 13. Nfe5 Nxe5 14. Nxe5 Bxe5 15. dxe5 Nd7 16. Qa4 Be2 17. Re1 Ba6 18. Be3 Qc7 19. Qh4 Bd3 20. Rad1 Bg6 21. Rd2 Rfe8 22. Red1 Nxe5 23. Bf4 f6 24. Rd7 Qa5 25. b4 Qb5 26. a4 Qe2 27. R7d2 Qh5 28. Qxh5 Bxh5 29. Bxe5 fxe5 30. Re1 Rbd8 31. Rxd8 Rxd8 32. Rxe5 Rd1+ 33. Bf1 Bg4 34. Kg2 1/2-1/2

[Event "European School-ch 2019"]
[Site "Mamaia"]
[Date "2019.06.08"]
[Round "9.47"]
[White "Babic, Milana"]
[Black "Petrenko, Maryna"]
[Result "1/2-1/2"]
[WhiteElo "1677"]
[BlackElo "1307"]
[Annotator "NA"]
[PlyCount "101"]
[EventDate "2019.05.31"]
[EventType "swiss"]
[EventCountry "ROU"]
[SourceTitle "playchess.com"]
[Source "ChessBase"]
[SourceQuality "1"]

1. Nf3 d5 2. g3 Nf6 3. Bg2 Bf5 4. d3 e6 5. O-O Be7 6. b3 c5 7. Nbd2 O-O 8. Nh4 Bg4 9. h3 Bh5 10. Bb2 Nc6 11. c4 d4 12. Bf3 Rc8 13. Bxh5 Nxh5 14. Nhf3 Nf6 15. a3 Bd6 16. Kg2 e5 17. Qc2 Ne8 18. e3 f5 19. exd4 exd4 20. b4 b6 21. b5 Ne7 22. a4 h6 23. a5 Qd7 24. Qa4 Nf6 25. Rfe1 Ng6 26. Qc2 Rce8 27. Nb3 f4 28. axb6 axb6 29. Ra6 fxg3 30. fxg3 Rxe1 31. Nxe1 Bxg3 32. Rxb6 Nh5 33. Rxg6 Rf2+ 34. Qxf2 Bxf2 35. Kxf2 Qf7+ 36. Ke2 Qxg6 37. Nxc5 Ng3+ 38. Kf3 Qf5+ 39. Kxg3 Qg5+ 40. Kf3 Qe3+ 41. Kg4 Qe2+ 42. Nf3 Qxb2 43. Ne6 Qg2+ 44. Kf4 g5+ 45. Ke4 Qe2+ 46. Kxd4 Qxe6 47. c5 Qf6+ 48. Ne5 Qf4+ 49. Kd5 Qa4 50. b6 Qb3+ 51. Kd6 1/2-1/2

[Event "European School-ch 2019"]
[Site "Mamaia"]
[Date "2019.06.08"]
[Round "9.48"]
[White "Arora, Tashika"]
[Black "Mikhailina, Olga"]
[Result "0-1"]
[WhiteElo "1471"]
[BlackElo "1338"]
[Annotator "NA"]
[PlyCount "108"]
[EventDate "2019.05.31"]
[EventType "swiss"]
[EventCountry "ROU"]
[SourceTitle "playchess.com"]
[Source "ChessBase"]
[SourceQuality "1"]

1. d4 d5 2. Nf3 Nf6 3. Bf4 c5 4. e3 Nc6 5. Be2 cxd4 6. exd4 Bf5 7. O-O e6 8. Nc3 Bb4 9. Nb5 Rc8 10. a3 Be7 11. Nc3 O-O 12. Qd2 Ne4 13. Qc1 Nxc3 14. bxc3 Na5 15. Qd2 Bd6 16. Bxd6 Qxd6 17. a4 Rc7 18. Bd3 Bxd3 19. Qxd3 Rfc8 20. Rfc1 Rxc3 21. Qd2 Qc7 22. Rcb1 Rxc2 23. Qe1 Qc3 24. Qxc3 R2xc3 25. Rd1 Nb3 26. Rab1 Rc1 27. Rdxc1 Rxc1+ 28. Rxc1 Nxc1 29. Kf1 Kf8 30. Nd2 Nd3 31. Ke2 Nb2 32. a5 Nc4 33. Nxc4 dxc4 34. Kd2 b5 35. axb6 axb6 36. Kc3 b5 37. Kb4 Ke7 38. Kc3 Kd6 39. Kb4 Kd5 40. Kc3 b4+ 41. Kc2 Kxd4 42. Kd2 c3+ 43. Kc2 b3+ 44. Kd1 Kd3 45. Kc1 c2 46. Kb2 Kd2 47. Kxb3 c1=Q 48. Kb4 Qc6 49. Kb3 Qc3+ 50. Ka4 Qb2 51. Ka5 Qb7 52. Ka4 Kc3 53. Ka5 Kc4 54. Ka4 Qb4# 0-1

[Event "European School-ch 2019"]
[Site "Mamaia"]
[Date "2019.06.08"]
[Round "9.49"]
[White "Alimova, Dana"]
[Black "Karaivanova, Petya"]
[Result "1/2-1/2"]
[WhiteElo "1732"]
[BlackElo "1688"]
[Annotator "NA"]
[PlyCount "30"]
[EventDate "2019.05.31"]
[EventType "swiss"]
[EventCountry "ROU"]
[SourceTitle "playchess.com"]
[Source "ChessBase"]
[SourceQuality "1"]

1. e4 e5 2. Nf3 Nc6 3. d4 exd4 4. Nxd4 Bc5 5. Nxc6 Qf6 6. Qd2 dxc6 7. Nc3 Qe7 8. Bd3 Be6 9. O-O O-O-O 10. Na4 Bd4 11. c3 Bb6 12. Nxb6+ axb6 13. Qe2 Nf6 14. a4 Ng4 15. Bc2 Qd6 1/2-1/2

[Event "European School-ch 2019"]
[Site "Mamaia"]
[Date "2019.06.08"]
[Round "9.50"]
[White "Aydin, Gulenay"]
[Black "Putinceva, Marina"]
[Result "1/2-1/2"]
[WhiteElo "1967"]
[BlackElo "1471"]
[Annotator "NA"]
[PlyCount "70"]
[EventDate "2019.05.31"]
[EventType "swiss"]
[EventCountry "ROU"]
[SourceTitle "playchess.com"]
[Source "ChessBase"]
[SourceQuality "1"]

1. e4 e5 2. Nf3 Nc6 3. Nc3 Nf6 4. Bb5 Bb4 5. O-O O-O 6. d3 Bxc3 7. bxc3 d6 8. Bg5 h6 9. Bh4 Bg4 10. h3 Bh5 11. g4 Bg6 12. Re1 Re8 13. Qe2 Qe7 14. Rad1 Qe6 15. Bc4 d5 16. Bb3 Ne7 17. Qe3 c6 18. Bxf6 Qxf6 19. exd5 Nxd5 20. Bxd5 cxd5 21. Nxe5 Qa6 22. Qd4 Qxa2 23. Nxg6 fxg6 24. Ra1 Qxc2 25. Rxe8+ Rxe8 26. Rxa7 Qb3 27. Kg2 Rc8 28. c4 dxc4 29. dxc4 Qxc4 30. Qxc4+ Rxc4 31. Rxb7 g5 32. Kg3 Rc3+ 33. f3 Ra3 34. Rc7 Rb3 35. Rc5 Kf7 1/2-1/2

[Event "European School-ch 2019"]
[Site "Mamaia"]
[Date "2019.06.08"]
[Round "9.51"]
[White "Petricenco, Ana"]
[Black "Shuqja, Klean"]
[Result "0-1"]
[WhiteElo "1484"]
[BlackElo "1858"]
[Annotator "NA"]
[PlyCount "54"]
[EventDate "2019.05.31"]
[EventType "swiss"]
[EventCountry "ROU"]
[SourceTitle "playchess.com"]
[Source "ChessBase"]
[SourceQuality "1"]

1. e4 d5 2. exd5 Qxd5 3. Nf3 Bg4 4. Be2 Nc6 5. d4 O-O-O 6. c4 Qf5 7. Be3 Bxf3 8. Bxf3 Nxd4 9. Bg4 Nc2+ 10. Qxc2 Qxg4 11. O-O Qg6 12. Qc1 e5 13. c5 Ne7 14. b4 f5 15. f3 Nd5 16. b5 Nxe3 17. Qxe3 Rd5 18. Rc1 Be7 19. f4 Rhd8 20. h3 exf4 21. Qa3 Rd1+ 22. Rxd1 Rxd1+ 23. Kh2 Qg3+ 24. Qxg3 fxg3+ 25. Kxg3 Bf6 26. b6 cxb6 27. cxb6 axb6 0-1

[Event "European School-ch 2019"]
[Site "Mamaia"]
[Date "2019.06.08"]
[Round "9.52"]
[White "Puia, Alexia-Teodora"]
[Black "Petrova, Elizaveta"]
[Result "1-0"]
[WhiteElo "1543"]
[BlackElo "1570"]
[Annotator "NA"]
[PlyCount "73"]
[EventDate "2019.05.31"]
[EventType "swiss"]
[EventCountry "ROU"]
[SourceTitle "playchess.com"]
[Source "ChessBase"]
[SourceQuality "1"]

1. d4 Nf6 2. Nf3 e6 3. Bf4 d5 4. e3 Be7 5. Bd3 Nbd7 6. Nbd2 c5 7. c3 a6 8. Ne5 h6 9. a4 Nf8 10. Qf3 c4 11. Bc2 Qb6 12. Rb1 Bd7 13. Ke2 Bc6 14. h4 N8d7 15. g4 Nxe5 16. Bxe5 Rg8 17. Qg3 Nd7 18. Bc7 Qa7 19. g5 hxg5 20. hxg5 b6 21. Bd6 Nf8 22. Nf3 Bxd6 23. Qxd6 Qd7 24. Qf4 Qe7 25. Ne5 Bb7 26. Bh7 Nxh7 27. Rxh7 b5 28. Rbh1 Qf8 29. Rh8 O-O-O 30. Rxg8 Qxg8 31. axb5 f6 32. bxa6 fxe5 33. axb7+ Kxb7 34. Qxe5 Rb8 35. Ra1 Kc8 36. Ra7 Qd8 37. Qxe6+ 1-0

[Event "European School-ch 2019"]
[Site "Mamaia"]
[Date "2019.06.08"]
[Round "9.53"]
[White "Obada, Ema"]
[Black "Lobanova, Milana"]
[Result "1/2-1/2"]
[WhiteElo "1889"]
[BlackElo "1445"]
[Annotator "NA"]
[PlyCount "45"]
[EventDate "2019.05.31"]
[EventType "swiss"]
[EventCountry "ROU"]
[SourceTitle "playchess.com"]
[Source "ChessBase"]
[SourceQuality "1"]

1. e4 c5 2. Nf3 a6 3. d4 cxd4 4. Nxd4 Nf6 5. Bd3 e5 6. Nf3 d5 7. Qe2 d4 8. O-O Nc6 9. Nbd2 Bd6 10. Nc4 Bc7 11. a4 O-O 12. Bd2 Bg4 13. h3 Bxf3 14. Qxf3 Ne8 15. Qe2 Nd6 16. b4 Qe7 17. Rab1 b5 18. Na3 bxa4 19. Bxa6 Rxa6 20. Qxa6 Nxe4 21. Qe2 Nxd2 22. Qxd2 Rb8 23. Nc4 1/2-1/2

[Event "European School-ch 2019"]
[Site "Mamaia"]
[Date "2019.06.08"]
[Round "9.54"]
[White "Zyapaeva, Polina"]
[Black "Trzaskowska, Hanna"]
[Result "1/2-1/2"]
[WhiteElo "1806"]
[BlackElo "1570"]
[Annotator "NA"]
[PlyCount "50"]
[EventDate "2019.05.31"]
[EventType "swiss"]
[EventCountry "ROU"]
[SourceTitle "playchess.com"]
[Source "ChessBase"]
[SourceQuality "1"]

1. c4 e5 2. Nc3 Nc6 3. g3 g6 4. Bg2 Bg7 5. e4 d6 6. Nge2 Be6 7. d3 Qd7 8. h3 f5 9. Be3 Nf6 10. b3 fxe4 11. dxe4 O-O 12. Qd2 Ne7 13. Rd1 Rad8 14. Nd5 b6 15. Nec3 c6 16. Nxf6+ Bxf6 17. Qe2 Qb7 18. Bh6 Rf7 19. O-O Qd7 20. Kh2 Bg7 21. Bc1 Nc8 22. Rd3 Qb7 23. Rfd1 Rfd7 24. Bg5 Rf8 25. Be3 Rdf7 1/2-1/2

[Event "European School-ch 2019"]
[Site "Mamaia"]
[Date "2019.06.08"]
[Round "9.55"]
[White "Donghvani, Nia"]
[Black "Vorobyova, Ekaterina"]
[Result "1-0"]
[WhiteElo "1840"]
[BlackElo "1795"]
[Annotator "NA"]
[PlyCount "69"]
[EventDate "2019.05.31"]
[EventType "swiss"]
[EventCountry "ROU"]
[SourceTitle "playchess.com"]
[Source "ChessBase"]
[SourceQuality "1"]

1. d4 Nf6 2. c4 e6 3. Nf3 d5 4. g3 c5 5. cxd5 exd5 6. Bg2 Nc6 7. O-O cxd4 8. Nxd4 Bc5 9. Nxc6 bxc6 10. Qc2 Qb6 11. Nc3 Bd6 12. e4 O-O 13. exd5 c5 14. Re1 Rb8 15. b3 Bd7 16. Bg5 Ng4 17. Rac1 f6 18. Bd2 c4 19. Ne4 Bf5 20. Be3 Nxe3 21. Rxe3 Bc5 22. Rc3 Ba3 23. Rf1 cxb3 24. Rxb3 Qa5 25. Rxb8 Rxb8 26. Nxf6+ gxf6 27. Qxf5 Rf8 28. Be4 Qc7 29. d6 Bxd6 30. Rd1 Rd8 31. Qxf6 h5 32. Rd5 Rd7 33. Rg5+ Rg7 34. Bd5+ Kh8 35. Rxh5# 1-0